| 000 | 00654nam a22001577a 4500 | ||
|---|---|---|---|
| 003 | OSt | ||
| 005 | 20150908162057.0 | ||
| 008 | 150908b xxu||||| |||| 00| 0 eng d | ||
| 040 | _cRUA | ||
| 082 | _aAGR ហូ 1993 B008 Or.1 | ||
| 100 |
_9167 _aហូ ពុទ្ឋា |
||
| 245 | _aសិក្សាការបំផ្លាញនៃមូសផ្លុងលើពូជស្រូវ២៨ពូជនៅស្ថានីយ៍ការពារដំណាំស្ទឹងមានជ័យ នារដូវវស្សាឆ្នំា១៩៩៣ | ||
| 260 |
_aphnom penh _bRUA _c1993 |
||
| 300 |
_a63p. _cill. _g29cm |
||
| 942 |
_2ddc _cAGR |
||
| 999 |
_c149 _d149 |
||